[Event "Gibraltar Masters 14th"]
[Site "Caleta"]
[Date "2016.01.31"]
[Round "6"]
[White "Vea, Odin Blikra"]
[Black "Barrenechea Bahamonde, Gustavo"]
[Result "0-1"]
[WhiteElo "2271"]
[BlackElo "2116"]
[PlyCount "100"]
[EventDate "2016.01.26"]
[EventType "swiss"]
[EventRounds "10"]
[EventCountry "GGB"]
[SourceTitle "CBM 171"]
[Source "ChessBase"]
[SourceDate "2016.03.14"]
[SourceVersion "2"]
[SourceVersionDate "2016.03.14"]
[SourceQuality "1"]

1. e4 Nf6 2. e5 Nd5 3. d4 d6 4. Bc4 Nb6 5. Bb3 Bf5 6. Nf3 e6 7. 0-0 Be7 8. c4 dxe5 9. Nxe5 N8d7 10. g4 Nxe5 11. gxf5 Qxd4 12. fxe6 fxe6 13. Qxd4 Nf3+ 14. Kg2 Nxd4 15. Be3 e5 16. Nc3 0-0-0 17. Nb5 a6 18. Nc3 Bc5 19. Ne4 Nxb3 20. axb3 Bxe3 21. fxe3 Rd3 22. Nc5 Rxe3 23. Rf7 Re2+ 24. Kg3 Rd8 25. Rxg7 Kb8 26. Rxh7 Rdd2 27. Rg1 Nc8 28. Rh8 b6 29. Nxa6+ Kb7 30. Nb4 Rxb2 31. Nd5 Rxb3+ 32. Kg4 Re4+ 33. Kf5 Nd6+ 34. Ke6 Rxc4 35. Rgg8 Nb5 36. h4 Nd4+ 37. Kd7 Nc6 38. Rc8 Rd3 39. Rxc7+ Ka6 40. Ke6 Rc5 41. Rd7 e4 42. Nc7+ Kb7 43. Nd5+ Ka6 44. h5 Kb5 45. h6 e3 46. Ra8 e2 47. Ra1 Nd4+ 48. Kf7 Rd1 49. h7 e1Q 50. h8Q Qe6+ 0-1

[Event "Gibraltar Masters 14th"]
[Site "Caleta"]
[Date "2016.01.30"]
[Round "5"]
[White "Salomon, Johan"]
[Black "Vea, Odin Blikra"]
[Result "1-0"]
[WhiteElo "2444"]
[BlackElo "2271"]
[PlyCount "91"]
[EventDate "2016.01.26"]
[EventType "swiss"]
[EventRounds "10"]
[EventCountry "GGB"]
[SourceTitle "CBM 171"]
[Source "ChessBase"]
[SourceDate "2016.03.14"]
[SourceVersion "2"]
[SourceVersionDate "2016.03.14"]
[SourceQuality "1"]

1. d4 d5 2. Nf3 Nc6 3. g3 Nf6 4. Bg2 e6 5. 0-0 Bd6 6. c4 0-0 7. b3 Re8 8. Bb2 a6 9. Nbd2 b6 10. Qc2 Bb7 11. a3 e5 12. e3 exd4 13. exd4 Bf8 14. Rad1 Qd6 15. Ne5 Ne7 16. Ndf3 Ne4 17. cxd5 Bxd5 18. Rfe1 f5 19. Nc4 Qc6 20. Nfe5 Qe6 21. Nd3 Qc6 22. Nb4 Qg6 23. Nxd5 Nxd5 24. Ne5 Qe6 25. Bxe4 fxe4 26. Qxe4 Rad8 27. Qf3 Qf6 28. Kg2 Re6 29. Qg4 Red6 30. Rd3 Qe6 31. Qd1 Nf6 32. Nc4 Qd5+ 33. Qf3 Rc6 34. Re5 Qxf3+ 35. Kxf3 g6 36. d5 Rc5 37. d6 Rc6 38. Ree3 Nh5 39. d7 Nf6 40. Bxf6 Rxf6+ 41. Kg2 Rf7 42. Ne5 Rg7 43. Ng4 Re7 44. Nf6+ Kg7 45. Ne8+ Kh8 46. Rxe7 1-0

[Event "Gibraltar Masters 14th"]
[Site "Caleta"]
[Date "2016.01.28"]
[Round "3"]
[White "Tan, Justin Hy"]
[Black "Vea, Odin Blikra"]
[Result "1-0"]
[WhiteElo "2446"]
[BlackElo "2271"]
[PlyCount "109"]
[EventDate "2016.01.26"]
[EventType "swiss"]
[EventRounds "10"]
[EventCountry "GGB"]
[SourceTitle "CBM 171"]
[Source "ChessBase"]
[SourceDate "2016.03.14"]
[SourceVersion "2"]
[SourceVersionDate "2016.03.14"]
[SourceQuality "1"]

1. e4 c5 2. Nf3 d6 3. d4 cxd4 4. Nxd4 Nf6 5. Nc3 g6 6. Be3 Bg7 7. f3 0-0 8. Qd2 Nc6 9. 0-0-0 d5 10. Qe1 e5 11. Nxc6 bxc6 12. exd5 cxd5 13. Bg5 Be6 14. Bc4 Qb6 15. Bxf6 Bxf6 16. Nxd5 Bxd5 17. Rxd5 e4 18. Rb5 Qc7 19. Qxe4 Rae8 20. Qd3 Qf4+ 21. Kb1 Re3 22. g3 Rxd3 23. gxf4 Rxf3 24. f5 g5 25. Bd5 Rf2 26. h3 Re8 27. a4 Re5 28. Rd1 Rfxf5 29. Bc4 Rxb5 30. axb5 Rc5 31. Be2 Be5 32. c4 Rc7 33. Kc2 Kf8 34. b3 Ke7 35. Bg4 h5 36. Bf5 Kf6 37. Bd7 Ke7 38. Bf5 Kf8 39. Bd7 Ke7 40. Rd5 Rxd7 41. Rxe5+ Kf6 42. Re8 g4 43. hxg4 hxg4 44. c5 Rc7 45. b4 Kf5 46. Kd3 Kf4 47. Re4+ Kf3 48. Re3+ Kf2 49. Re2+ Kf1 50. Rc2 f5 51. Ke3 Re7+ 52. Kf4 Rf7 53. c6 Rc7 54. Kxf5 g3 55. Ke6 1-0

[Event "EU-Cup 31st"]
[Site "Skopje"]
[Date "2015.10.21"]
[Round "4.6"]
[White "Vea, Odin Blikra"]
[Black "Tregubov, Pavel V"]
[Result "1/2-1/2"]
[WhiteElo "2261"]
[BlackElo "2600"]
[PlyCount "55"]
[EventDate "2015.10.18"]
[EventType "team-swiss"]
[EventRounds "7"]
[EventCountry "MKD"]
[SourceTitle "CBM 169"]
[Source "ChessBase"]
[SourceDate "2015.11.10"]
[SourceVersion "1"]
[SourceVersionDate "2015.11.10"]
[SourceQuality "1"]
[WhiteTeam "Vaalerenga"]
[BlackTeam "Belorechensk"]
[WhiteTeamCountry "NOR"]
[BlackTeamCountry "RUS"]

1. e4 c5 2. Nf3 Nc6 3. d4 cxd4 4. Nxd4 g6 5. c4 Nf6 6. Nc3 d6 7. Nc2 Bg7 8. Be2 0-0 9. 0-0 Nd7 10. Bd2 Nc5 11. b4 Ne6 12. Rc1 a5 13. a3 axb4 14. axb4 Ned4 15. Nxd4 Nxd4 16. Be3 Nxe2+ 17. Qxe2 Be6 18. Rfd1 Ra3 19. Nd5 Rb3 20. Rd3 Rxd3 21. Qxd3 Qd7 22. Nb6 Qc7 23. b5 f5 24. Nd5 Qd7 25. Nb6 Qc7 26. Nd5 Qd7 27. Nb6 Qc7 28. Nd5 1/2-1/2

[Event "NOR-chB"]
[Site "Oslo"]
[Date "2015.07.08"]
[Round "6"]
[White "Vea, Odin Blikra"]
[Black "Kvisla, Johannes Luangtep"]
[Result "1-0"]
[WhiteElo "2225"]
[BlackElo "2103"]
[PlyCount "139"]
[EventDate "2015.07.04"]
[EventType "swiss"]
[EventRounds "9"]
[EventCountry "NOR"]
[SourceTitle "EXT 2017"]
[Source "ChessBase"]
[SourceDate "2016.10.25"]
[SourceVersion "1"]
[SourceVersionDate "2016.10.25"]
[SourceQuality "1"]

1. e4 c6 2. c4 d5 3. exd5 cxd5 4. cxd5 Nf6 5. Nc3 Nxd5 6. Nf3 Nc6 7. Bb5 e6 8. 0-0 Be7 9. d4 0-0 10. Re1 Bf6 11. Ne4 Be7 12. Bd2 Bd7 13. Nc5 Rb8 14. Nxd7 Qxd7 15. Ne5 Qd6 16. Bxc6 bxc6 17. Qc2 c5 18. dxc5 Qxc5 19. Qxc5 Bxc5 20. b3 Bb4 21. Bxb4 Rxb4 22. Rac1 Rb7 23. Rc4 g6 24. Kf1 Kg7 25. Rec1 Ra8 26. Nc6 Nb6 27. Rc5 Rc7 28. Ne5 Rxc5 29. Rxc5 Rc8 30. b4 Rxc5 31. bxc5 Nd5 32. Ke2 Kf6 33. Nc6 a6 34. a3 e5 35. Kd3 Nc7 36. Kc4 Ke6 37. Nd8+ Ke7 38. Nb7 Ke6 39. c6 Nb5 40. a4 Nd6+ 41. Kc5 Nc8 42. Na5 f5 43. Nc4 e4 44. Nb6 Ne7 45. c7 Ke5 46. c8Q Nxc8 47. Nxc8 e3 48. fxe3 Ke4 49. Kb6 Kxe3 50. Kxa6 Kf2 51. g3 g5 52. Kb5 f4 53. gxf4 gxf4 54. Nd6 f3 55. a5 Ke2 56. Ne4 Ke3 57. a6 Kxe4 58. a7 f2 59. a8Q+ Ke3 60. Qg2 Ke2 61. Kc5 h5 62. Kd4 h4 63. Qg4+ Kd2 64. Qf4+ Ke2 65. Qe4+ Kd1 66. Qd3+ Ke1 67. Ke3 f1N+ 68. Kf3 Nxh2+ 69. Kg2 h3+ 70. Kxh2 1-0

[Event "NOR-chB"]
[Site "Oslo"]
[Date "2015.07.04"]
[Round "1"]
[White "Vea, Odin Blikra"]
[Black "Ulvnes, Roar Nikolai"]
[Result "0-1"]
[WhiteElo "2225"]
[BlackElo "2042"]
[PlyCount "106"]
[EventDate "2015.07.04"]
[EventType "swiss"]
[EventRounds "9"]
[EventCountry "NOR"]
[SourceTitle "EXT 2017"]
[Source "ChessBase"]
[SourceDate "2016.10.25"]
[SourceVersion "1"]
[SourceVersionDate "2016.10.25"]
[SourceQuality "1"]

1. e4 c5 2. Nf3 Nc6 3. d4 cxd4 4. Nxd4 g6 5. c4 Nf6 6. Nc3 Nxd4 7. Qxd4 d6 8. Bg5 Bg7 9. Be2 0-0 10. 0-0 Be6 11. Qd2 Rc8 12. b3 b5 13. cxb5 Rxc3 14. Qxc3 Nxe4 15. Qe3 Nxg5 16. Qxg5 Bxa1 17. Rxa1 Qa5 18. Qxe7 Bxb3 19. Qe3 Be6 20. h4 Rc8 21. h5 Qc3 22. Qxc3 Rxc3 23. a4 Rc8 24. h6 Kf8 25. a5 Ke7 26. f4 d5 27. Kf2 Kd6 28. Ke3 Bf5 29. Kd4 Rc2 30. Re1 Ra2 31. a6 Ra4+ 32. Ke3 d4+ 33. Kf2 Ra2 34. Kf1 Kc5 35. Bf3 Bd3+ 36. Kg1 Bxb5 37. Re7 Bc4 38. Rxa7 Rxa6 39. Rc7+ Kb4 40. Rc8 Ra7 41. Kf2 Re7 42. f5 gxf5 43. Bh5 d3 44. Rg8 Re6 45. Rb8+ Kc3 46. Rc8 Rxh6 47. Bxf7 Rh4 48. Bd5 Rd4 49. Bf3 d2 50. Bd1 Rf4+ 51. Ke3 Re4+ 52. Kf2 Re1 53. Bf3 Rf1+ 0-1